000 00456nam a2200169Ia 4500
008 191130s2007##################000#0#eng##
020 _a9780077214579
040 _aACL
_cACL
082 _a650.01513 SLA
100 _aSlater, Jeffrey
245 _aPractical business math procedures
_cJeffrey Slater
250 _a9th ed
260 _aNew York
_bMcGraw Hill
_c2007
990 _ac6644c9aac10000c41b08ab26de03f3e
991 _a359704
999 _c283710
_d283710